[Event "4NCL/Div3/FCA1 vs. MIN"]
[Site "Wokefield Park ENG"]
[Date "2008.01.12"]
[Round "5.4"]
[White "Smith, Ivor BN"]
[Black "Macdonald-Ross, Michael"]
[Result "1/2-1/2"]
[WhiteElo "2123"]
[BlackElo "2154"]
[PlyCount "26"]
[EventDate "2008.01.12"]
[EventCountry "ENG"]
[SourceDate "2007.09.15"]

1. e4 c6 2. d4 d5 3. exd5 cxd5 4. c4 Nf6 5. Nc3 e6 6. Nf3 Bb4 7. cxd5 Nxd5 8.
Bd2 O-O 9. Bd3 Nc6 10. h4 Nf6 11. Bg5 Qa5 12. Bd2 Qd8 13. Bg5 Qa5 1/2-1/2

[Event "4NCL/Div3/FCA1 vs. MIN"]
[Site "Wokefield Park ENG"]
[Date "2008.01.12"]
[Round "5.5"]
[White "Smith, Graham"]
[Black "James, Stephen B"]
[Result "1/2-1/2"]
[WhiteElo "2116"]
[BlackElo "2041"]
[PlyCount "100"]
[EventDate "2008.01.12"]
[EventCountry "ENG"]
[SourceDate "2007.09.15"]

1. e4 e5 2. Nf3 Nc6 3. Bb5 a6 4. Bxc6 dxc6 5. Nc3 f6 6. d4 exd4 7. Nxd4 c5 8.
Nde2 Qxd1+ 9. Nxd1 Be6 10. Nf4 Bf7 11. Ne3 O-O-O 12. f3 c4 13. Bd2 Bc5 14. Ke2
Ne7 15. Bc3 Rhe8 16. Rad1 Rxd1 17. Rxd1 f5 18. Bxg7 fxe4 19. Bd4 Bd6 20. g3
exf3+ 21. Kxf3 Rf8 22. Rf1 b5 23. Kg2 Be8 24. Ne6 Bc6+ 25. Kg1 Rg8 26. Rf8+
Rxf8 27. Nxf8 Be4 28. Ne6 Nf5 29. c3 Nxd4 30. Nxd4 Kd7 31. Kf2 c5 32. Ne2 Be5
33. a4 Kc6 34. axb5+ axb5 35. h4 Bd3 36. Nc1 Be4 37. Ne2 Bd3 38. Nc1 Be4 39.
Ne2 Bg7 40. g4 Bd3 41. Ke1 b4 42. Kd2 Bxe2 43. Kxe2 bxc3 44. bxc3 Bxc3 45. Nxc4
Kd5 46. Kd3 Bd4 47. g5 Ba1 48. h5 Bd4 49. g6 hxg6 50. hxg6 Ke6 1/2-1/2

[Event "4NCL/Div3/FCA1 vs. MIN"]
[Site "Wokefield Park ENG"]
[Date "2008.01.12"]
[Round "5.6"]
[White "Hawkins, Nick"]
[Black "Habershon, Paul"]
[Result "1/2-1/2"]
[WhiteElo "2016"]
[BlackElo "2094"]
[PlyCount "41"]
[EventDate "2008.01.12"]
[EventCountry "ENG"]
[SourceDate "2007.09.15"]

1. e4 Nf6 2. e5 Nd5 3. d4 d6 4. c4 Nb6 5. exd6 cxd6 6. Nc3 g6 7. Be3 Bg7 8. Qd2
Nc6 9. h3 O-O 10. Nf3 Re8 11. d5 Ne5 12. Nxe5 Bxe5 13. Rc1 e6 14. Be2 Bd7 15.
O-O exd5 16. cxd5 Qh4 17. Rfe1 Rac8 18. Bg5 Nc4 19. Bxc4 Qxc4 20. Ne4 Qd4 21.
Rxc8 1/2-1/2

[Event "4NCL/Div3/FCA1 vs. MIN"]
[Site "Wokefield Park ENG"]
[Date "2008.01.12"]
[Round "5.7"]
[White "Freeman, Richard C P"]
[Black "Twitchell, Neville H"]
[Result "1-0"]
[WhiteElo "2085"]
[BlackElo "1980"]
[PlyCount "51"]
[EventDate "2008.01.12"]
[EventCountry "ENG"]
[SourceDate "2007.09.15"]

1. e4 c5 2. Nc3 d6 3. f4 Nc6 4. Nf3 g6 5. Bc4 Bg7 6. O-O e6 7. d3 Nge7 8. Qe1
O-O 9. Qh4 Nd4 10. f5 Nxf3+ 11. Rxf3 d5 12. f6 Nf5 13. Rxf5 dxc4 14. Rf3 Bh8
15. Bh6 Qd4+ 16. Kh1 Rd8 17. Raf1 Bd7 18. Rh3 Qe5 19. Bf4 Qh5 20. Qxh5 gxh5 21.
Rg3+ Bg7 22. Rxg7+ Kh8 23. Rxf7 cxd3 24. cxd3 Bc6 25. Be5 h6 26. Rg7 1-0

[Event "4NCL/Div3/PAND vs. WWKS"]
[Site "Wokefield Park ENG"]
[Date "2008.01.12"]
[Round "5.1"]
[White "Dilley, Jason M"]
[Black "Thomas, Nicholas"]
[Result "1/2-1/2"]
[WhiteElo "2195"]
[BlackElo "2304"]
[PlyCount "81"]
[EventDate "2008.01.12"]
[EventCountry "ENG"]
[SourceDate "2007.09.15"]

1. d4 e6 2. c4 Nf6 3. Nc3 Bb4 4. Qc2 O-O 5. Bg5 c5 6. e3 h6 7. Bxf6 Qxf6 8. Nf3
cxd4 9. Nxd4 Nc6 10. Rd1 b6 11. a3 Nxd4 12. Rxd4 Bxc3+ 13. Qxc3 Bb7 14. f3 d5
15. cxd5 Rac8 16. Qd2 Bxd5 17. Ba6 Rcd8 18. O-O Bb3 19. Rc1 Rxd4 20. Qxd4 Qxd4
21. exd4 Rd8 22. Rc3 Ba2 23. Rc8 Rxc8 24. Bxc8 Bd5 25. Ba6 g5 26. Kf2 f5 27. g3
f4 28. Bd3 Kf7 29. gxf4 gxf4 30. Be4 Bc4 31. Ke1 Kf6 32. Kd2 Kg5 33. Ke1 a5 34.
b4 axb4 35. axb4 b5 36. Bc6 Kf6 37. Kd2 e5 38. Kc3 Ke6 39. dxe5 Kxe5 40. Be8
Be2 41. Bc6 1/2-1/2

[Event "4NCL/Div3/PAND vs. WWKS"]
[Site "Wokefield Park ENG"]
[Date "2008.01.12"]
[Round "5.2"]
[White "Mason, Don"]
[Black "Taylor, Robert M"]
[Result "1-0"]
[WhiteElo "2246"]
[BlackElo "2204"]
[Annotator "Armstrong,Malcolm"]
[PlyCount "79"]
[EventDate "2008.01.12"]
[EventCountry "ENG"]
[SourceDate "2007.09.15"]

1. e4 c6 2. d4 d5 3. Nd2 dxe4 4. Nxe4 Nd7 5. Ng5 Ngf6 6. Bd3 e6 7. N1f3 Bd6 8.
Qe2 h6 9. Ne4 Nxe4 10. Qxe4 Qc7 11. O-O b6 12. Qg4 Kf8 13. Qh3 c5 14. c3 c4 15.
Be4 Bb7 16. Re1 Bxe4 17. Rxe4 Re8 18. Bd2 Qc6 19. Rae1 Qd5 20. Bf4 Bxf4 21.
Rxf4 g5 22. Rfe4 h5 23. Qg3 g4 24. Ne5 Nf6 25. Rf4 h4 26. Qe3 h3 27. f3 Ke7 28.
Nxg4 Nxg4 29. Rxg4 hxg2 30. Qg5+ Qxg5 31. Rxg5 Rh3 32. Rg3 Rh5 33. Rxg2 Reh8
34. Ree2 Rf5 35. Rg3 Rh4 36. Re4 Rh8 37. Kg2 Rfh5 38. h3 Ra5 39. a3 Rb5 40. Re2
{time} 1-0

[Event "4NCL/Div3/PAND vs. WWKS"]
[Site "Wokefield Park ENG"]
[Date "2008.01.12"]
[Round "5.3"]
[White "Walton, Alan J"]
[Black "James, Russell A"]
[Result "1/2-1/2"]
[WhiteElo "2207"]
[BlackElo "2225"]
[PlyCount "136"]
[EventDate "2008.01.12"]
[EventCountry "ENG"]
[SourceDate "2007.09.15"]

1. d4 d5 2. Nf3 Nf6 3. Bf4 c5 4. c3 Nc6 5. e3 Qb6 6. Qb3 c4 7. Qxb6 axb6 8. Be2
b5 9. O-O Bf5 10. Nbd2 e6 11. Nh4 b4 12. Nxf5 exf5 13. Bg5 Be7 14. Bxf6 Bxf6
15. Bf3 Ra5 16. cxb4 Nxb4 17. a3 Nc6 18. b4 Rb5 19. Nb1 Ne7 20. Nc3 Rb6 21.
Nxd5 Nxd5 22. Bxd5 O-O 23. Rfc1 Rd8 24. Bxc4 f4 25. Rc3 fxe3 26. fxe3 Rxd4 27.
exd4 Bxd4+ 28. Kf1 Bxc3 29. Rd1 g6 30. Rd7 Rf6+ 31. Ke2 b6 32. Kd3 Be5 33. h3
Bb2 34. a4 Rf1 35. Bd5 Ba3 36. a5 bxa5 37. bxa5 Bc5 38. a6 Ra1 39. Rxf7 Kh8 40.
Kc4 Bg1 41. Bb7 Kg8 42. Rf3 Rc1+ 43. Kd5 Kg7 44. Ra3 Ba7 45. Ke6 Re1+ 46. Kd7
h5 47. Bd5 Kf6 48. Rf3+ Ke5 49. Bb7 Rc1 50. Rf8 Bc5 51. Re8+ Kf4 52. Re4+ Kf5
53. Ra4 Ba7 54. Bc6 Ke5 55. Kc7 Rb1 56. Ra5+ Kf4 57. Ra4+ Kg3 58. Re4 Bb6+ 59.
Kc8 Ra1 60. Re6 g5 61. Re5 Rxa6 62. Rxg5+ Kh4 63. Rb5 Bg1 64. Bf3 Rh6 65. Kd7
Bf2 66. Ke7 Kg3 67. Rg5+ Kf4 68. Rxh5 Rxh5 1/2-1/2

[Event "4NCL/Div3/PAND vs. WWKS"]
[Site "Wokefield Park ENG"]
[Date "2008.01.12"]
[Round "5.4"]
[White "Fishburne, Stewart K"]
[Black "Coates, David"]
[Result "1-0"]
[WhiteElo "2139"]
[BlackElo "2056"]
[PlyCount "75"]
[EventDate "2008.01.12"]
[EventCountry "ENG"]
[SourceDate "2007.09.15"]

1. e4 c5 2. Nc3 Nc6 3. g3 g6 4. Bg2 Bg7 5. d3 d6 6. Be3 Rb8 7. Qd2 b5 8. f4 b4
9. Nd1 Qb6 10. Nf3 f5 11. exf5 gxf5 12. O-O Nf6 13. Kh1 O-O 14. Bg1 a5 15. Ne3
e6 16. Nc4 Qc7 17. Rae1 Re8 18. Re2 h6 19. Rfe1 Kf7 20. Nxd6+ Qxd6 21. Ne5+
Nxe5 22. fxe5 Qc7 23. exf6 Kxf6 24. Re5 Bf8 25. Bxc5 Bg7 26. Qf4 Qd7 27. R5e2
Bb7 28. Qd4+ Qxd4 29. Bxd4+ Kf7 30. Bxg7 Bxg2+ 31. Kxg2 Kxg7 32. Rxe6 Rec8 33.
R1e2 a4 34. Re7+ Kf6 35. R2e6+ Kg5 36. h4+ Kh5 37. Rh7 Rxc2+ 38. Kh3 1-0

[Event "4NCL/Div3/PAND vs. WWKS"]
[Site "Wokefield Park ENG"]
[Date "2008.01.12"]
[Round "5.5"]
[White "Birtwhistle, Nigel"]
[Black "Galloway, Iain"]
[Result "1/2-1/2"]
[WhiteElo "2125"]
[BlackElo "2135"]
[PlyCount "39"]
[EventDate "2008.01.12"]
[EventCountry "ENG"]
[SourceDate "2007.09.15"]

1. d4 d5 2. c4 e6 3. Nc3 Nf6 4. cxd5 exd5 5. Bg5 Be7 6. e3 O-O 7. Bd3 Nbd7 8.
Nge2 b6 9. O-O Bb7 10. Ng3 Ne4 11. Bxe7 Qxe7 12. Qh5 Ndf6 13. Qh4 Rfe8 14. Rac1
Rac8 15. Ncxe4 Nxe4 16. Qf4 g6 17. Nxe4 dxe4 18. Bc4 Kg7 19. Rfd1 Red8 20. Bb3
1/2-1/2

[Event "4NCL/Div3/PAND vs. WWKS"]
[Site "Wokefield Park ENG"]
[Date "2008.01.12"]
[Round "5.6"]
[White "Baruch, Andrew J D"]
[Black "Woolley, Jos"]
[Result "0-1"]
[WhiteElo "2075"]
[BlackElo "2098"]
[PlyCount "80"]
[EventDate "2008.01.12"]
[EventCountry "ENG"]
[SourceDate "2007.09.15"]

1. c4 e5 2. g3 h5 3. h4 d5 4. cxd5 c6 5. Nc3 cxd5 6. d4 Nc6 7. Nf3 e4 8. Ng5
Be7 9. Nh3 Bf6 10. e3 Bg4 11. Qb3 Bf3 12. Rg1 Nge7 13. Nf4 O-O 14. Be2 Bxe2 15.
Ncxe2 Na5 16. Qa4 g6 17. Bd2 Nc4 18. b3 Nb6 19. Qa3 a5 20. Nc3 Qd7 21. Qc5 Ra6
22. a4 Rc8 23. Qb5 Rc6 24. Kf1 Bg7 25. Kg2 Bh6 26. Rgc1 Bxf4 27. exf4 Na8 28.
Qe2 Nf5 29. Be3 Nc7 30. Nb5 Rxc1 31. Rxc1 Rc6 32. Nxc7 Rxc1 33. Bxc1 Qxc7 34.
Qb2 Qc6 35. Bd2 Qa6 36. Qc3 b6 37. Be3 Qe2 38. Kg1 Qd1+ 39. Kh2 Qf1 40. Qc2 Nh6
0-1

[Event "4NCL/Div3/PAND vs. WWKS"]
[Site "Wokefield Park ENG"]
[Date "2008.01.12"]
[Round "5.7"]
[White "McCarthy, Kevin"]
[Black "Addis, Mark"]
[Result "1/2-1/2"]
[WhiteElo "2045"]
[BlackElo "2090"]
[PlyCount "37"]
[EventDate "2008.01.12"]
[EventCountry "ENG"]
[SourceDate "2007.09.15"]

1. d4 Nf6 2. Nf3 g6 3. Bf4 d5 4. e3 Bg7 5. Nbd2 c6 6. Bd3 Bf5 7. Bxf5 gxf5 8.
c3 Nbd7 9. Qc2 e6 10. h3 h5 11. Ne5 Ne4 12. Nxd7 Qxd7 13. Nxe4 fxe4 14. O-O-O
O-O-O 15. Qa4 a6 16. Kb1 f6 17. Rc1 e5 18. Bh2 Kb8 19. Qd1 1/2-1/2

[Event "4NCL/Div3/PAND vs. WWKS"]
[Site "Wokefield Park ENG"]
[Date "2008.01.12"]
[Round "5.8"]
[White "Hale, Katie L W"]
[Black "Gallagher, Marie"]
[Result "1-0"]
[WhiteElo "1800"]
[BlackElo "1730"]
[PlyCount "97"]
[EventDate "2008.01.12"]
[EventCountry "ENG"]
[SourceDate "2007.09.15"]

1. e4 e5 2. Nf3 Nc6 3. d4 d6 4. dxe5 Qe7 5. Bb5 dxe5 6. Qd5 Bd7 7. Bg5 f6 8.
Bh4 g5 9. Bg3 O-O-O 10. Qb3 Nd4 11. Nxd4 exd4 12. Nd2 a6 13. Bc4 Nh6 14. f3 b5
15. Bd3 Be6 16. c4 f5 17. Qc2 b4 18. Qa4 Kb7 19. c5 Qxc5 20. Qxa6+ Kb8 21. Qxe6
f4 22. Nb3 Qa7 23. Qe5 Bd6 24. Qxg5 fxg3 25. Qxh6 gxh2 26. Qh5 c5 27. e5 Rde8
28. f4 Qg7 29. Qf3 Rhf8 30. Rxh2 Rxe5+ 31. Kd1 Re3 32. Qc6 Rxd3+ 33. Kc2 Bxf4
34. Kxd3 Bxh2 35. Qb6+ Ka8 36. Qa6+ Kb8 37. Nxc5 Rf6 38. Qb5+ Ka8 39. Qa4+ Kb8
40. Nd7+ Kb7 41. Qxb4+ Ka6 42. Nxf6 Qxf6 43. Qa4+ Kb7 44. Qb5+ Ka8 45. Qd5+ Kb8
46. Qg8+ Kb7 47. Qxh7+ Bc7 48. Rc1 Qa6+ 49. Rc4 1-0

[Event "4NCL/Div3/SWD2 vs. WES2"]
[Site "Wokefield Park ENG"]
[Date "2008.01.12"]
[Round "5.1"]
[White "Spice, Alan"]
[Black "Pleasants, Allan J"]
[Result "1-0"]
[WhiteElo "2144"]
[BlackElo "2100"]
[PlyCount "65"]
[EventDate "2008.01.12"]
[EventCountry "ENG"]
[SourceDate "2007.09.15"]

1. Nc3 d5 2. e4 c6 3. d4 g6 4. h3 Bg7 5. Nf3 dxe4 6. Nxe4 Bf5 7. Ng3 Nf6 8.
Nxf5 gxf5 9. Bd3 Nbd7 10. O-O e6 11. Re1 O-O 12. c3 Qc7 13. Bg5 c5 14. Qd2 c4
15. Bc2 Nd5 16. Bh6 Qd8 17. a4 a5 18. Bxg7 Kxg7 19. b3 cxb3 20. Bxb3 N7f6 21.
Bxd5 Nxd5 22. c4 Nb4 23. d5 Ra6 24. Rad1 exd5 25. cxd5 Rd6 26. Re5 Qd7 27. Qg5+
Rg6 28. Qxf5 Qxa4 29. Rd4 Qa1+ 30. Kh2 Kh8 31. Rg4 Qb2 32. Nh4 Rd6 33. Qg5 1-0

[Event "4NCL/Div3/SWD2 vs. WES2"]
[Site "Wokefield Park ENG"]
[Date "2008.01.12"]
[Round "5.2"]
[White "Jenks, Bruce"]
[Black "Brown, Alan M"]
[Result "1/2-1/2"]
[WhiteElo "2126"]
[BlackElo "2149"]
[PlyCount "67"]
[EventDate "2008.01.12"]
[EventCountry "ENG"]
[SourceDate "2007.09.15"]

1. c4 Nf6 2. g3 g6 3. Bg2 Bg7 4. d4 c5 5. d5 d6 6. Nc3 O-O 7. Nf3 Na6 8. O-O
Nc7 9. a4 Rb8 10. Re1 a6 11. a5 b5 12. axb6 Rxb6 13. Qd3 Bd7 14. h3 Be8 15. Ra2
Qb8 16. e4 Nd7 17. Qe2 Ne5 18. Nd2 g5 19. Nf1 h6 20. f4 gxf4 21. gxf4 Ng6 22.
Ng3 e6 23. Nh5 f5 24. Nxg7 Kxg7 25. e5 Bd7 26. exd6 Rxd6 27. Be3 exd5 28. cxd5
Re8 29. Qf2 Rb6 30. Rd1 Rb4 31. d6 Ne6 32. Rxa6 Rxb2 33. Qg3 Rg8 34. Rd2
1/2-1/2

[Event "4NCL/Div3/SWD2 vs. WES2"]
[Site "Wokefield Park ENG"]
[Date "2008.01.12"]
[Round "5.3"]
[White "Rees, Gwynfor"]
[Black "Rutter, Nicholas"]
[Result "1/2-1/2"]
[WhiteElo "2070"]
[BlackElo "2177"]
[PlyCount "89"]
[EventDate "2008.01.12"]
[EventCountry "ENG"]
[SourceDate "2007.09.15"]

1. Nf3 d5 2. d4 Nf6 3. c4 e6 4. Nc3 c6 5. Bg5 dxc4 6. e4 b5 7. e5 h6 8. Bh4 g5
9. Nxg5 hxg5 10. Bxg5 Nbd7 11. g3 Qb6 12. exf6 c5 13. Bg2 cxd4 14. Bxa8 dxc3
15. bxc3 Bb7 16. Bxb7 Qxb7 17. O-O Ne5 18. f3 Bc5+ 19. Kg2 Nd3 20. Qe2 Qd5 21.
h4 Kd7 22. a4 b4 23. cxb4 Bxb4 24. Rab1 a5 25. Rfd1 Kc6 26. Qe3 Bc5 27. Qe4
Qxe4 28. fxe4 Rd8 29. h5 Rg8 30. Rxd3 cxd3 31. Bf4 e5 32. Bd2 Bb4 33. Bxb4 axb4
34. Rxb4 Rd8 35. Rc4+ Kd6 36. Kf3 Ke6 37. Rc6+ Kd7 38. Rc5 Ke6 39. Rd5 Ra8 40.
a5 Kxf6 41. Rd6+ Kg5 42. Rd5 f6 43. g4 d2 44. Ke2 Kxg4 45. Kxd2 1/2-1/2

[Event "4NCL/Div3/SWD2 vs. WES2"]
[Site "Wokefield Park ENG"]
[Date "2008.01.12"]
[Round "5.4"]
[White "Marsh, Roger"]
[Black "Roberts, David L"]
[Result "0-1"]
[WhiteElo "2101"]
[BlackElo "2109"]
[PlyCount "98"]
[EventDate "2008.01.12"]
[EventCountry "ENG"]
[SourceDate "2007.09.15"]

1. d4 Nf6 2. c4 g6 3. Nc3 Bg7 4. e4 d6 5. Be2 O-O 6. Bg5 Na6 7. Nf3 c5 8. d5
Bg4 9. Nd2 Bxe2 10. Qxe2 e6 11. O-O exd5 12. Nxd5 Nc7 13. Bxf6 Bxf6 14. Nxf6+
Qxf6 15. Qd3 Ne6 16. Nf3 Rad8 17. b3 g5 18. Rae1 g4 19. Nd2 Qh4 20. Qg3 Qxg3
21. fxg3 Nd4 22. Rf4 h5 23. Nf1 Rde8 24. Kf2 f5 25. exf5 Rxe1 26. Kxe1 Re8+ 27.
Kd1 Ne2 28. Rf2 Nc3+ 29. Kc2 Nxa2 30. Kd2 Nb4 31. Ne3 Kf7 32. h3 d5 33. cxd5
Nxd5 34. Nc4 Kf6 35. Nd6 Re7 36. Kd3 Nb4+ 37. Kc4 a6 38. Rd2 b6 39. Kc3 Re3+
40. Kb2 b5 41. hxg4 hxg4 42. Nb7 c4 43. bxc4 bxc4 44. Rd4 c3+ 45. Kc1 Re1+ 46.
Rd1 Na2+ 47. Kc2 Re2+ 48. Kd3 c2 49. Kxe2 Nc3+ 0-1

[Event "4NCL/Div3/SWD2 vs. WES2"]
[Site "Wokefield Park ENG"]
[Date "2008.01.12"]
[Round "5.5"]
[White "Morris, Gareth L"]
[Black "Taylor-Bowd, Phil"]
[Result "1-0"]
[WhiteElo "2118"]
[BlackElo "2061"]
[PlyCount "47"]
[EventDate "2008.01.12"]
[EventCountry "ENG"]
[SourceDate "2007.09.15"]

1. d4 d5 2. c4 c6 3. Nf3 Nf6 4. Nc3 a6 5. c5 Nbd7 6. Bf4 Nh5 7. e3 b6 8. b4
Nxf4 9. exf4 g6 10. Bd3 Bg7 11. Rc1 O-O 12. O-O Qc7 13. g3 Bb7 14. Re1 Rfe8 15.
Ne5 b5 16. h4 f6 17. Nxg6 hxg6 18. Bxg6 Nf8 19. Bxe8 Rxe8 20. f5 Bc8 21. Qh5
Bd7 22. Nxd5 cxd5 23. c6 Rc8 24. Rxe7 1-0

[Event "4NCL/Div3/SWD2 vs. WES2"]
[Site "Wokefield Park ENG"]
[Date "2008.01.12"]
[Round "5.6"]
[White "Clark, Ian C"]
[Black "Miles, Richard"]
[Result "0-1"]
[WhiteElo "2106"]
[BlackElo "2035"]
[PlyCount "120"]
[EventDate "2008.01.12"]
[EventCountry "ENG"]
[SourceDate "2007.09.15"]

1. e4 c5 2. Nf3 d6 3. d4 cxd4 4. Nxd4 e6 5. c4 Nf6 6. Nc3 Be7 7. Be2 O-O 8. O-O
Nc6 9. Be3 a6 10. a3 Bd7 11. Rc1 Nxd4 12. Qxd4 Qa5 13. b4 Qd8 14. Rfd1 Qb8 15.
f4 Rd8 16. e5 dxe5 17. fxe5 Be8 18. Qf4 Nd7 19. Bd4 Bf6 20. Ne4 Bxe5 21. Qh4
Bxd4+ 22. Rxd4 Nf8 23. Rxd8 Qxd8 24. Qxd8 Rxd8 25. b5 Ng6 26. Nc5 axb5 27. Nxb7
Rd2 28. cxb5 Kf8 29. Bf1 Ra2 30. Rc3 Nf4 31. Rb3 Nd5 32. Nd6 Nb6 33. Ne4 Ke7
34. Bd3 f5 35. Nc3 Ra1+ 36. Kf2 Bf7 37. Nb1 e5 38. Rb2 e4 39. Be2 Kd6 40. g3 g5
41. Rc2 Rxb1 42. Rc6+ Ke5 43. Rxb6 f4 44. Rb8 Bd5 45. gxf4+ gxf4 46. Bg4 e3+
47. Ke2 Bc4+ 48. Kf3 e2 49. Re8+ Kd6 50. Rxe2 Bxe2+ 51. Kxe2 Rxb5 52. Kf3 Ke5
53. a4 Rb3+ 54. Kg2 Ke4 55. Bd7 Rb2+ 56. Kg1 Ke3 57. Bb5 f3 58. h4 Ra2 59. h5
Ra1+ 60. Kh2 f2 0-1

[Event "4NCL/Div3/SWD2 vs. WES2"]
[Site "Wokefield Park ENG"]
[Date "2008.01.12"]
[Round "5.7"]
[White "van Kemenade, Rudy"]
[Black "Tunks, Dominic"]
[Result "0-1"]
[WhiteElo "2029"]
[BlackElo "1896"]
[PlyCount "70"]
[EventDate "2008.01.12"]
[EventCountry "ENG"]
[SourceDate "2007.09.15"]

1. f4 Nf6 2. Nf3 d6 3. g3 Nc6 4. Bg2 e5 5. d3 exf4 6. Bxf4 d5 7. O-O Bc5+ 8. d4
Bd6 9. Bg5 Be7 10. Nc3 O-O 11. Ne5 Nxe5 12. dxe5 Ng4 13. Bf4 c6 14. e4 Qb6+ 15.
Kh1 Qxb2 16. Qd3 Qxa1 17. Rxa1 Nf2+ 18. Kg1 Nxd3 19. cxd3 d4 20. Ne2 c5 21. Bd2
b6 22. Nf4 Bg5 23. Be1 Ba6 24. Bf1 Rad8 25. a4 Rfe8 26. a5 b5 27. Nd5 Rxe5 28.
Nc7 Be3+ 29. Kh1 Bb7 30. Nxb5 c4 31. dxc4 d3 32. Bc3 d2 33. Rd1 Bxe4+ 34. Bg2
Bc2 35. Bxe5 Bxd1 0-1

[Event "4NCL/Div3/SWD2 vs. WES2"]
[Site "Wokefield Park ENG"]
[Date "2008.01.12"]
[Round "5.8"]
[White "Norman, Dinah"]
[Black "Rees, Sioned"]
[Result "1-0"]
[WhiteElo "1971"]
[BlackElo "1324"]
[PlyCount "73"]
[EventDate "2008.01.12"]
[EventCountry "ENG"]
[SourceDate "2007.09.15"]

1. d4 Nf6 2. Nf3 g6 3. Bf4 Bg7 4. e3 d5 5. h3 O-O 6. Be2 Nbd7 7. O-O c5 8. c3
Re8 9. Ne5 e6 10. Nd2 cxd4 11. exd4 Ne4 12. Ng4 f5 13. Ne3 Qb6 14. Qc2 Qc6 15.
Rac1 b6 16. Nf3 Bb7 17. Rfd1 Rac8 18. Qb3 a5 19. Bb5 a4 20. Qxa4 Ra8 21. Bxc6
Rxa4 22. Bxa4 Nef6 23. Bb5 Rc8 24. Ne5 Nxe5 25. Bxe5 Kf7 26. Re1 Bh6 27. Bxf6
Kxf6 28. Rcd1 Bg7 29. Nc2 Bc6 30. Bxc6 Rxc6 31. Nb4 Rc8 32. Re2 Kf7 33. f4 h6
34. Kf2 g5 35. g3 Kf6 36. Rde1 Re8 37. Nxd5+ 1-0

[Event "4NCL/Div3/CAMB2 vs. SLOS3"]
[Site "Wokefield Park ENG"]
[Date "2008.01.12"]
[Round "5.2"]
[White "Varnam, Liam D"]
[Black "Mycroft, Richard"]
[Result "0-1"]
[WhiteElo "2042"]
[BlackElo "2143"]
[PlyCount "54"]
[EventDate "2008.01.12"]
[EventCountry "ENG"]
[SourceDate "2007.09.15"]

1. e4 g6 2. d4 Bg7 3. Nf3 d6 4. Be3 Nf6 5. Bd3 Nbd7 6. O-O e5 7. c3 O-O 8. h3
b6 9. Nbd2 Bb7 10. a4 a5 11. Qc2 Re8 12. d5 Nc5 13. Be2 c6 14. c4 Rc8 15. Qb1
Ba6 16. dxc6 Qc7 17. b3 Qxc6 18. Bxc5 dxc5 19. Bd3 Nh5 20. g3 Qd7 21. Kg2 Rcd8
22. Bc2 Bh6 23. Rd1 Bc8 24. g4 Nf4+ 25. Kh2 Nxh3 26. Kxh3 Qxg4+ 27. Kh2 Bf4+
0-1

[Event "4NCL/Div3/CAMB2 vs. SLOS3"]
[Site "Wokefield Park ENG"]
[Date "2008.01.12"]
[Round "5.3"]
[White "Spencer, Carl"]
[Black "Nelson, Omowale"]
[Result "1-0"]
[WhiteElo "2115"]
[BlackElo "2088"]
[PlyCount "103"]
[EventDate "2008.01.12"]
[EventCountry "ENG"]
[SourceDate "2007.09.15"]

1. e4 c6 2. d4 d5 3. Nc3 dxe4 4. Nxe4 Bf5 5. Ng3 Bg6 6. Nf3 Nd7 7. h4 h6 8. h5
Bh7 9. Bd3 Bxd3 10. Qxd3 Ngf6 11. Bd2 e6 12. O-O-O Qc7 13. Kb1 O-O-O 14. Qe2
Bd6 15. Ne4 Nxe4 16. Qxe4 Nf6 17. Qe2 c5 18. c4 Rhe8 19. Bc3 cxd4 20. Bxd4 Bc5
21. Bxc5 Qxc5 22. Ne5 Nd7 23. Nxd7 Rxd7 24. Rxd7 Kxd7 25. Qd3+ Ke7 26. Rd1 Qf5
27. Qxf5 exf5 28. Re1+ Kd7 29. Rxe8 Kxe8 30. b4 g6 31. Kc2 Ke7 32. Kd3 gxh5 33.
f4 Kd6 34. Kd4 h4 35. c5+ Ke6 36. a4 h5 37. Kc4 f6 38. b5 b6 39. c6 Kd6 40. Kd4
Ke6 41. Ke3 Kd6 42. Kf2 h3 43. Kg1 hxg2 44. Kxg2 a6 45. Kh3 axb5 46. axb5 Ke6
47. Kh4 Ke7 48. Kxh5 Kd6 49. Kg6 Ke6 50. c7 Kd7 51. Kxf5 Kxc7 52. Kxf6 1-0

[Event "4NCL/Div3/CAMB2 vs. SLOS3"]
[Site "Wokefield Park ENG"]
[Date "2008.01.12"]
[Round "5.5"]
[White "Chan, Nevil"]
[Black "Makepeace, Philip J"]
[Result "1/2-1/2"]
[WhiteElo "2065"]
[BlackElo "2012"]
[PlyCount "46"]
[EventDate "2008.01.12"]
[EventCountry "ENG"]
[SourceDate "2007.09.15"]

1. d4 c5 2. d5 f5 3. Nc3 Nf6 4. g3 d6 5. Bg2 g6 6. Nh3 Bg7 7. O-O O-O 8. f4 Qb6
9. Nf2 Na6 10. h3 Bd7 11. Kh2 Nc7 12. e4 fxe4 13. Nfxe4 Nxe4 14. Nxe4 Rae8 15.
Rb1 Bb5 16. Re1 Qa6 17. a3 Kh8 18. Ng5 Bf6 19. Ne6 Nxe6 20. Rxe6 Bd7 21. Re1 b5
22. Bd2 Qc8 23. Qf3 a6 1/2-1/2

[Event "4NCL/Div3/CAMB2 vs. SLOS3"]
[Site "Wokefield Park ENG"]
[Date "2008.01.12"]
[Round "5.7"]
[White "Kreuzer, Christopher"]
[Black "Russant, Stuart"]
[Result "1-0"]
[WhiteElo "1947"]
[BlackElo "1730"]
[PlyCount "51"]
[EventDate "2008.01.12"]
[EventCountry "ENG"]
[SourceDate "2007.09.15"]

1. e4 d6 2. d4 Nf6 3. Nc3 c6 4. Nf3 Qa5 5. Bd2 Qb6 6. Rb1 Bg4 7. Be3 Qa5 8. b4
Qb6 9. a4 a5 10. b5 Qc7 11. Be2 Bd7 12. O-O cxb5 13. Nxb5 Bxb5 14. Bxb5+ Nbd7
15. Qd3 Rc8 16. c4 Kd8 17. e5 Ne8 18. Ng5 Nxe5 19. dxe5 e6 20. exd6 Nxd6 21. c5
h6 22. cxd6 Bxd6 23. Rbc1 Qe7 24. Nxf7+ Qxf7 25. Qxd6+ Qd7 26. Qxd7# 1-0

[Event "4NCL/Div3/WWKS vs. NWE2"]
[Site "Wokefield Park ENG"]
[Date "2008.01.13"]
[Round "6.1"]
[White "James, Russell A"]
[Black "Hague, Ben"]
[Result "1/2-1/2"]
[WhiteElo "2304"]
[BlackElo "2266"]
[PlyCount "35"]
[EventDate "2008.01.13"]
[EventCountry "ENG"]
[SourceDate "2007.09.15"]

1. e4 d6 2. d4 Nf6 3. Nc3 Nbd7 4. Nf3 e5 5. g4 h6 6. g5 hxg5 7. Bxg5 c6 8. Bc4
b5 9. Bb3 Qc7 10. a3 Bb7 11. Qe2 a6 12. O-O-O c5 13. dxe5 dxe5 14. Bd5 Nxd5 15.
Nxd5 Bxd5 16. exd5 f6 17. Qe4 O-O-O 18. Be3 1/2-1/2

[Event "4NCL/Div3/WWKS vs. NWE2"]
[Site "Wokefield Park ENG"]
[Date "2008.01.13"]
[Round "6.2"]
[White "Coates, Kenneth G"]
[Black "Mason, Don"]
[Result "1/2-1/2"]
[WhiteElo "2242"]
[BlackElo "2246"]
[PlyCount "85"]
[EventDate "2008.01.13"]
[EventCountry "ENG"]
[SourceDate "2007.09.15"]

1. e4 c5 2. Nf3 Nc6 3. d4 cxd4 4. Nxd4 Nf6 5. Nc3 e5 6. Ndb5 d6 7. Bg5 a6 8.
Bxf6 gxf6 9. Na3 b5 10. Nd5 f5 11. c3 Bg7 12. exf5 Bxf5 13. Nc2 Be6 14. Nce3
O-O 15. g4 Ne7 16. Bg2 Rc8 17. Qd3 Nxd5 18. Bxd5 Rc5 19. O-O-O b4 20. c4 Qf6
21. Rd2 Rfc8 22. Kb1 Bh6 23. g5 Bxg5 24. Rg1 Kh8 25. Bxe6 fxe6 26. Qxd6 Bxe3
27. fxe3 Rxc4 28. b3 Qf5+ 29. Qd3 Rc3 30. Qxf5 exf5 31. Rg5 f4 32. exf4 exf4
33. Rf5 f3 34. Rf2 Re8 35. R5xf3 Re1+ 36. Kb2 Rxf3 37. Rxf3 Re2+ 38. Kb1 Rxh2
39. Rf4 a5 40. Rf5 h5 41. Rxa5 Kg7 42. Rb5 Rh4 43. a4 1/2-1/2

[Event "4NCL/Div3/WWKS vs. NWE2"]
[Site "Wokefield Park ENG"]
[Date "2008.01.13"]
[Round "6.3"]
[White "Galloway, Iain"]
[Black "Redmond, John"]
[Result "1/2-1/2"]
[WhiteElo "2225"]
[BlackElo "2210"]
[PlyCount "57"]
[EventDate "2008.01.13"]
[EventCountry "ENG"]
[SourceDate "2007.09.15"]

1. e4 e6 2. d4 d5 3. Nc3 Nc6 4. Nf3 Nf6 5. e5 Ne4 6. Bd3 Bb4 7. Bd2 Nxd2 8.
Qxd2 f6 9. a3 Be7 10. Ne2 fxe5 11. Nxe5 Nxe5 12. dxe5 O-O 13. c3 Bc5 14. O-O
Qh4 15. Nd4 Bd7 16. f4 Bb6 17. b4 Rf7 18. Rf3 g6 19. Raf1 Raf8 20. Kh1 c5 21.
bxc5 Bxc5 22. Qb2 Bb6 23. Qb4 Qe7 24. Qxe7 Rxe7 25. g4 Ref7 26. Bc2 Rc8 27. Bb3
Bxd4 28. cxd4 Bb5 29. R1f2 1/2-1/2